000 00831nam a2200277 i 4500
003 DO-SdBNP
005 20260423101741.0
007 ta
008 260423b2000 dr ||||| |||| 00| 0 spa d
040 _aDO-SdBNP
_bspa
_cBNPHU
_erda
041 _aspa
082 4 _axxx
_bR426c
_222
110 1 _aRepública Dominicana
_9447
240 0 _a[Leyes, etc.]
245 1 0 _aCódigo de comercio de la República Dominicana.
250 _aedición oficial
264 1 _aSanto Domingo :
_beditor no identificado,
_c2000.
300 _a164 páginas ;
_c21 cm.
336 _atexto
_btxt
_2rdacontent
337 _asin mediación
_bn
_2rdamedia
338 _avolumen
_bnc
_2rdacarrier
590 _aInventariado 2026/BT
650 4 _910077
_aDerecho Comercial
_xLegislación
_zRepública Dominicana
910 _aBtavárez
942 _2ddc
_cLBS1
999 _c60606
_d60606